El discurso del método de Einstein: la Física occidental como historia de las concepciones de lo real
Saved in:
| 主要作者: | |
|---|---|
| 格式: | 图书 |
| 语言: | 西班牙语 |
| 出版: |
Santiago
Dolmen Ediciones
1994
|
| 版: | 1a. ed |
| 丛编: | Mundo Abierto
|
| 主题: | |
| 标签: |
添加标签
没有标签, 成为第一个标记此记录!
|
MARC
| LEADER | 00000cam a2200000 a 4500 | ||
|---|---|---|---|
| 001 | UCC6231 | ||
| 003 | CL-VaPUC | ||
| 008 | 181130e19940000cl |||||||||||||||||spa|d | ||
| 020 | |a 9562012379 | ||
| 082 | 0 | 4 | |a 530.11 |b SCH |2 21 |
| 100 | 0 | |a Schwartzmann, Félix |e author |9 600668 | |
| 245 | 1 | 3 | |a El discurso del método de Einstein: la Física occidental como historia de las concepciones de lo real |
| 250 | |a 1a. ed | ||
| 300 | |a 574 p | ||
| 942 | |c BK | ||
| 945 | |d 20181130 13:53:00 |a dcastane | ||
| 260 | |a Santiago |b Dolmen Ediciones |c 1994 | ||
| 650 | 7 | |a FISICA NUCLEAR |2 CL-VaPUC |9 270366 | |
| 650 | 0 | |a Crítica e interpretación |9 255042 | |
| 650 | 7 | |a HISTORIA DE LA FISICA |2 CL-VaPUC |9 316726 | |
| 583 | |a last modification |c 20181130 13:53:00 |k Rodrigo Vera | ||
| 490 | 0 | |a Mundo Abierto | |
| 999 | |c 373225 |d 373223 | ||
| 952 | |0 0 |1 0 |3 erb |4 0 |6 530_110000000000000_SCH_1994 |7 0 |8 C |9 491229 |a BIBCUR |b BIBCUR |i 5517419 |o 530.11 SCH 1994 |p 5517419 |r 2025-04-22 |w 2019-11-24 |y BK |z Catalogado en:20181130 |k CAC | ||